000 00519nam a22001577a 4500
003 macl
005 20200116133337.0
008 200116b xxu||||| |||| 00| 0 eng d
040 _cmacl
082 _a796
100 _aसुरेंद्र श्रीवास्‍तव
_977824
245 _aबास्‍केटबॉल खेल और नियम
260 _aदिल्‍ली
_bएस कें इंटरप्राइजेज
_c2018
650 _aखेल
_953082
942 _2ddc
_cHIN
999 _c61803
_d61803